<?xml version="1.0" encoding="UTF-8"?><?xml-stylesheet type="text/xsl" href="static/style.xsl"?><OAI-PMH xmlns="http://www.openarchives.org/OAI/2.0/" xmlns:xsi="http://www.w3.org/2001/XMLSchema-instance" xsi:schemaLocation="http://www.openarchives.org/OAI/2.0/ http://www.openarchives.org/OAI/2.0/OAI-PMH.xsd"><responseDate>2026-06-01T19:57:19Z</responseDate><request verb="GetRecord" identifier="oai:riuma.uma.es:10630/32317" metadataPrefix="marc">https://riuma.uma.es/rest/oai/request</request><GetRecord><record><header><identifier>oai:riuma.uma.es:10630/32317</identifier><datestamp>2026-02-03T10:54:10Z</datestamp><setSpec>com_10630_2254</setSpec><setSpec>col_10630_37953</setSpec></header><metadata><record xmlns="http://www.loc.gov/MARC21/slim" xmlns:dcterms="http://purl.org/dc/terms/" xmlns:doc="http://www.lyncode.com/xoai" xmlns:xsi="http://www.w3.org/2001/XMLSchema-instance" xsi:schemaLocation="http://www.loc.gov/MARC21/slim http://www.loc.gov/standards/marcxml/schema/MARC21slim.xsd">
   <leader>00925njm 22002777a 4500</leader>
   <datafield ind2=" " ind1=" " tag="042">
      <subfield code="a">dc</subfield>
   </datafield>
   <datafield ind2=" " ind1=" " tag="720">
      <subfield code="a">López-Ramírez, Sandro</subfield>
      <subfield code="e">author</subfield>
   </datafield>
   <datafield ind2=" " ind1=" " tag="720">
      <subfield code="a">Márquez-Moya, Ana Luz</subfield>
      <subfield code="e">author</subfield>
   </datafield>
   <datafield ind2=" " ind1=" " tag="720">
      <subfield code="a">Real-Giménez, Raimundo</subfield>
      <subfield code="e">author</subfield>
   </datafield>
   <datafield ind2=" " ind1=" " tag="720">
      <subfield code="a">Román Muñoz, Antonio</subfield>
      <subfield code="e">author</subfield>
   </datafield>
   <datafield ind2=" " ind1=" " tag="260">
      <subfield code="c">2024</subfield>
   </datafield>
   <datafield ind2=" " ind1=" " tag="520">
      <subfield code="a">Aim: Ongoing climate change is presently influencing the distribution ranges of nu-merous species, with both range expansions and latitudinal shifts being observed.In southern Europe, a biogeographical border that separates African and Europeanbiota, while at the same time acting as a migration bridge for many species, thesechanges are of particular relevance. This study aimed to analyse the responses of ninetypically African birds to climate change to provide information on the ongoing andfuture occupation of Europe by these species.Location: Western Palearctic and surrounding areas.Methods: To this end, the distributions of the species in their native ranges were mod-elled, both in the present and in future climate scenarios, using their current breedingranges and a set of topographic and climatic variables. The climatic favourability forthe nine species was then combined using fuzzy logic.Results: The results showed that southern Europe is highly favourable for our set ofAfrican birds, except for Rüppell's Vulture, and future forecasts indicated that thisfavourability would increase further north, again excluding the African Vulture.Main conclusions: If the climate continues to warm, further arrivals of individuals areto be expected, increasing the possibility that self-sustaining populations may be-come established in southern Europe. Furthermore, new African species may startto occupy this area, with the likelihood of an Africanisation of the European fauna.Considering the role played by southern Europe as a potential focal point for the colo-nisation of this continent by African species, it is important to track their northwardexpansion and future spread.</subfield>
   </datafield>
   <datafield ind1="8" ind2=" " tag="024">
      <subfield code="a">López-Ramírez, S., Márquez, A. L., Real, R., &amp; Muñoz, A.-R. (2024). Evaluating the expansion of African species into Europe driven by climate change. Diversity and Distributions, 30, e13840. https://doi.org/10.1111/ddi.13840</subfield>
   </datafield>
   <datafield ind1="8" ind2=" " tag="024">
      <subfield code="a">https://hdl.handle.net/10630/32317</subfield>
   </datafield>
   <datafield ind1="8" ind2=" " tag="024">
      <subfield code="a">10.1111/ddi.13840</subfield>
   </datafield>
   <datafield tag="653" ind2=" " ind1=" ">
      <subfield code="a">Cambios climáticos</subfield>
   </datafield>
   <datafield tag="653" ind2=" " ind1=" ">
      <subfield code="a">Aves - Distribución geográfica</subfield>
   </datafield>
   <datafield tag="653" ind2=" " ind1=" ">
      <subfield code="a">Biogeografía</subfield>
   </datafield>
   <datafield ind2="0" ind1="0" tag="245">
      <subfield code="a">Evaluating the expansion of African species into Europe driven by climate change.</subfield>
   </datafield>
</record>
</metadata></record></GetRecord></OAI-PMH>